| 000 | 00839nam a2200157 a 4500 | ||
|---|---|---|---|
| 001 | 000046132 | ||
| 005 | 20201002052647.0 | ||
| 008 | 150625s1986 dr ab 000 0 spa d | ||
| 040 |
_aDO-SdBNP _bspa _cBNPHU |
||
| 082 |
_axxxx _bxxxx |
||
| 100 | 1 |
_aMatias, Bernardo _96004 |
|
| 245 | 1 | 3 |
_aEl poder barrial : _bacción liberadora / _cMatias, Bernardo. |
| 260 |
_aSanto Domingo : _bCentro Dominicano de Estudios de la Educación, _c1986. |
||
| 300 |
_a121 p. : _bil., mapas ; _c21 cm. |
||
| 505 | 0 |
_aVida y lucha de los obladores barriales -- _tBreve balance de las experiencias del movimiento barrial popular dominicano -- _tLa vida diaria en la comunidad: Espacio para la construcción de un poder cultural liberador -- _tAlgunas respuestas a como trabajar con los pobladores en República Dominicana -- _tPerfil del dirigente popular en la comunidad. |
|
| 999 |
_c45621 _d45621 |
||